| 000 | 01103cam a22003257a 4500 | ||
|---|---|---|---|
| 003 | CHAP | ||
| 005 | 20220329141319.0 | ||
| 008 | 971013s1988 it r 00010 eng d | ||
| 010 | _a66246 | ||
| 011 | _a67218 | ||
| 035 | _a76688 | ||
| 040 | _cCHAP | ||
| 082 | 1 | 0 |
_a639.2 _bF46 v.396 |
| 110 | 2 |
_aFAO. Indo-Pacific Fishery Commission _939582 |
|
| 245 | 1 | 0 | _aReport of the session of the standing Committee on resources research and development (5o.) |
| 260 |
_aRome : _bFAO, _c1988 |
||
| 300 | _a15 p. | ||
| 490 | 0 |
_aFAO. Informe de pesca _v; 396 |
|
| 590 |
_aBATCH-UPD _b10 _c20130110 _lUCH01 _h1043 |
||
| 590 |
_aBATCH-UPD _b10 _c20130410 _lUCH01 _h0642 |
||
| 590 |
_aBATCH-UPD _b10 _c20130914 _lUCH01 _h1348 |
||
| 590 |
_aCONVERSION _b10 _c20130109 _lUCH01 _h1336 |
||
| 650 | 1 | 4 |
_aPesca _zRegión del Oceano Indico. _987428 |
| 650 | 1 | 4 |
_aRecursos marinos _xRegión del Oceáno Indico. _995162 |
| 830 | 0 |
_aFAO. Informe de pesca _v; 396 _939587 |
|
| 901 | _aBK | ||
| 905 | _aPatricia Mendoza P. | ||
| 942 | _cLIBRO | ||
| 949 |
_a639.2 F46 v.396 _bBC _cFAO _d33724000770095 _eFAO1 _gDonaciØn _h74865 _i76688 _sb |
||
| 999 |
_c66246 _d66246 |
||